000 00594nam a2200217 i 4500
001 C2-0074575
003 PPAK
005 20180727081124.0
008 970429s1984 enka|||| ||||| | eng d
040 _aPPAK
_beng
_cPPAK
_erda
082 0 4 _a951.058
_223
090 0 0 _a951.058
_bCLA
_dR
100 1 _aClayre, Alasdair,
_eauthor
245 1 4 _aThe heart of the dragon
264 1 _aLondon :
_bHarper Collins ,
_c1984
300 _axxi, 281 pages :
_billustrations ;
_c29 cm
336 _2rdacontent
_atext
337 _2rdamedia
_aunmediated
338 _2rdacarrier
_avolume
942 _ddc
_cB
999 _c10694
_d10694